| 000 | 00456nam a22001697a 4500 | ||
|---|---|---|---|
| 005 | 20161215131359.0 | ||
| 008 | 150324b xxu||||| |||| 00| 0 spa d | ||
| 041 | _aspa | ||
| 082 | _aM 863.4 P348a | ||
| 100 |
_aPaz, Octavio _927864 |
||
| 245 | _aÁguila o sol = Águia o sol | ||
| 260 |
_aMéxico _bFondo de Cultura Económica _c2001 |
||
| 300 | _a167 páginas | ||
| 650 |
_aNOVELA MEXICANA _927865 |
||
| 650 |
_aLITERATURA MEXICANO _927866 |
||
| 942 | _cLIT | ||
| 999 |
_c4104 _d4104 |
||